Short-run and long-run effects of monetary and fiscal policies under flexible exchange rates and perfect capital movility (Registro nro. 27850)

Detalles MARC
000 -LEADER
fixed length control field 00425 a2200109 4500
001 - CONTROL NUMBER
control field ART_17289
005 - DATE AND TIME OF LATEST TRANSACTION
control field 20260410161923.0
008 - FIXED-LENGTH DATA ELEMENTS--GENERAL INFORMATION
fixed length control field 260409a
100 1# - MAIN ENTRY--PERSONAL NAME
Personal name Rodríguez, Carlos Alfredo
245 10 - TITLE STATEMENT
Title Short-run and long-run effects of monetary and fiscal policies under flexible exchange rates and perfect capital movility
773 0# - HOST ITEM ENTRY
Title The American Economic Review
Related parts - Vol. 69, Nº 1 (mar. 1979)
Record control number REV16190

No hay ítems disponibles.